000 00254nam a2200109Ia 4500
008 220204s9999 xx 000 0 und d
082 _a82-3
_bLAM
100 _aLamour, Louis
245 0 _aQuick and the dead
260 _aLondon
_bCorgi
_c1979
942 _cBK
999 _c35769
_d35769